Normal view
MARC view
Entry Personal Name
001 - CONTROL NUMBER
- control field: 7974
003 - CONTROL NUMBER IDENTIFIER
- control field: BD-RjUL
005 - DATE AND TIME OF LATEST TRANSACTION
- control field: 20230711112833.0
008 - FIXED-LENGTH DATA ELEMENTS
- fixed length control field: 230711|| aca||aabn | a|a d
040 ## - CATALOGING SOURCE
- Original cataloging agency: BD-RjUL
- Transcribing agency: BD-RjUL
100 ## - HEADING--PERSONAL NAME
- Personal name: ইসলাম, মোহাম্মদ শরিফুল
670 ## - SOURCE DATA FOUND
- Source citation: Work cat.: (BD-RjUL)81558: ইসলাম, মোহাম্মদ শরিফুল , জাতি-ধর্ম-যুগে নিরাপত্তা ও কল্যাণের ধারণা /